Power Rangers Series - Statistics

General Stats
  • This quiz has been taken 5,146 times
    5,145 since last reset
  • The average score is 15 of 18
Answer Stats
Hint Answer % Correct
S1 Mighty Morphin Power Rangers
95%
S11 Power Rangers S.P.D.
88%
S10 Power Rangers Dino Thunder
87%
S4 Power Rangers in Space
87%
S3 Power Rangers Turbo
86%
S2 Power Rangers Zeo
86%
S8 Power Rangers Wild Force
84%
S9 Power Rangers Ninja Storm
83%
S16 Power Rangers Samurai
83%
S7 Power Rangers Time Force
83%
S12 Power Rangers Mystic Force
82%
S5 Power Rangers Lost Galaxy
81%
S14 Power Rangers Jungle Fury
80%
S15 Power Rangers RPM
78%
S6 Power Rangers Lightspeed Rescue
77%
S1.5 Mighty Morphin Alien Rangers
75%
S13 Power Rangers Operation Overdrive
71%
S16.5 Power Rangers Super Samurai
69%
No matching quizzes found
Score Distribution
Percent of People with Each Score
Percentile by Number Answered
Your Score History
You have not taken this quiz since the last reset